[Event "POL-ch sf"]
[Site "Karpacz"]
[Date "2023.12.05"]
[Round "2"]
[White "Rekuc, Patryk"]
[Black "Madej, Marek"]
[Result "1/2-1/2"]
[WhiteElo "1974"]
[BlackElo "2133"]
[PlyCount "92"]
[EventDate "2023.12.04"]
[EventType "swiss"]
[EventRounds "9"]
[EventCountry "POL"]
[SourceTitle "CB50_2023"]
[SourceDate "2023.12.13"]
[SourceVersion "1"]
[SourceVersionDate "2023.12.13"]
[SourceQuality "1"]

1. Nf3 d5 2. d4 Nf6 3. c4 e6 4. e3 Be7 5. b3 0-0 6. Bb2 c5 7. Nbd2 cxd4 8. exd4 b6 9. Bd3 dxc4 10. bxc4 Bb7 11. 0-0 Nbd7 12. Qe2 Nh5 13. Qe3 Bd6 14. Ne4 Bf4 15. Qe2 Bc7 16. g3 Nhf6 17. Rfd1 Re8 18. Nfd2 Rc8 19. Nb3 Bb8 20. Rac1 Qe7 21. Rc2 Nxe4 22. Bxe4 Ba6 23. f4 Nf6 24. Bf3 Bd6 25. Rdc1 Ba3 26. Bxa3 Qxa3 27. Qf2 Qb4 28. c5 Bd3 29. Qd2 Qxd2 30. Rxd2 Be4 31. Bxe4 Nxe4 32. Rdc2 Kf8 33. a4 Rc6 34. a5 Rb8 35. axb6 axb6 36. cxb6 Rxc2 37. Rxc2 Rxb6 38. Rc8+ Ke7 39. Nc5 Nxc5 40. dxc5 Rb2 41. c6 Rc2 42. c7 Kf6 43. g4 h6 44. Kf1 g6 45. Kg1 Rc4 46. Kg2 g5 1/2-1/2

[Event "Warsaw Szansa blitz op"]
[Site "Warsaw"]
[Date "2023.09.16"]
[Round "5"]
[White "Kopczynski, Michal"]
[Black "Rekuc, Patryk"]
[Result "1/2-1/2"]
[WhiteElo "2225"]
[BlackElo "1974"]
[PlyCount "126"]
[EventDate "2023.09.16"]
[EventType "swiss (blitz)"]
[EventRounds "13"]
[EventCountry "POL"]
[SourceTitle "EXT 2024"]
[Source "ChessBase"]
[SourceDate "2023.10.10"]
[SourceVersion "1"]
[SourceVersionDate "2023.10.10"]
[SourceQuality "1"]

1. e4 c5 2. d4 cxd4 3. c3 Nf6 4. Bd3 dxc3 5. Nxc3 Nc6 6. f4 d6 7. Nf3 Bg4 8. 0-0 Qb6+ 9. Kh1 e6 10. Qe1 Be7 11. Be3 Qc7 12. Qg3 a6 13. e5 dxe5 14. fxe5 Nxe5 15. Qxe5 Bd6 16. Qg5 Be7 17. Rac1 Qb8 18. Bf4 Qd8 19. Rcd1 Qb6 20. Qe5 Bxf3 21. Rxf3 Ng4 22. Qe2 g5 23. Be5 f6 24. Bd4 Qc7 25. Rh3 Qf4 26. Qf3 e5 27. Qxf4 gxf4 28. Bb6 Kf7 29. Bf5 h5 30. Rd7 Rac8 31. Rxe7+ Kxe7 32. Bxc8 Rxc8 33. Rxh5 Rc6 34. h3 Rxb6 35. Nd5+ Ke6 36. Nxb6 Nf2+ 37. Kg1 Nd3 38. b3 f5 39. Rh6+ Kf7 40. Rh7+ Kf6 41. Rxb7 e4 42. Nc4 Ke6 43. Rb6+ Kd5 44. Rxa6 Kd4 45. Rd6+ Kc3 46. Re6 Nc1 47. Re5 Nxa2 48. Rxf5 Nc1 49. Nd6 e3 50. Rxf4 Ne2+ 51. Kf1 Nxf4 52. Nf5 e2+ 53. Ke1 Kd3 54. Nh4 Ke3 55. Nf5+ Ke4 56. Ng3+ Ke3 57. Nxe2 Nxe2 58. b4 Nd4 59. h4 Nc2+ 60. Kf1 Nxb4 61. h5 Nd5 62. g4 Kf4 63. h6 Nf6 1/2-1/2

[Event "POL-ch Blitz U18"]
[Site "Bydgoszcz"]
[Date "2023.08.31"]
[Round "4"]
[White "Rekuc, Patryk"]
[Black "Jablonski, Antoni"]
[Result "0-1"]
[WhiteElo "1963"]
[BlackElo "1765"]
[PlyCount "94"]
[EventDate "2023.08.28"]
[EventType "swiss"]
[EventRounds "10"]
[EventCountry "POL"]
[SourceTitle "EXT 2024"]
[Source "ChessBase"]
[SourceDate "2023.10.10"]
[SourceVersion "1"]
[SourceVersionDate "2023.10.10"]
[SourceQuality "1"]

1. e4 c5 2. Nf3 d6 3. d4 cxd4 4. Nxd4 Nf6 5. Nc3 a6 6. Bg5 e6 7. f4 Be7 8. Qf3 Qc7 9. 0-0-0 Nbd7 10. g4 b5 11. Bxf6 Bxf6 12. g5 Bxd4 13. Rxd4 Qc5 14. Qd1 Ke7 15. Bg2 Rb8 16. Re1 b4 17. Na4 Qc6 18. b3 Nc5 19. Nb2 a5 20. Nc4 Rd8 21. Nxa5 Qa6 22. Nc4 Qxa2 23. Kd2 Nxb3+ 24. Ke3 Nxd4 25. Qxd4 Ba6 26. Bf1 Bxc4 27. Bxc4 Qxc2 28. Bd3 Qxh2 29. Qxg7 Qg3+ 30. Ke2 Qxf4 31. Rf1 Qg4+ 32. Ke1 Qg3+ 33. Ke2 Qh2+ 34. Rf2 Qh5+ 35. Ke3 Qg6 36. Qd4 Qxg5+ 37. Ke2 Ra8 38. Bc4 Qe5 39. Qb6 Qb2+ 40. Ke3 Ra3+ 41. Kf4 Qf6+ 42. Kg4 Qg6+ 43. Kf4 Qf6+ 44. Kg4 Qg6+ 45. Kf4 Qh6+ 46. Kg4 Qh3+ 47. Kf4 Qh4# 0-1

[Event "POL-ch Blitz U18"]
[Site "Bydgoszcz"]
[Date "2023.08.31"]
[Round "1"]
[White "Sienicki, Oliwier"]
[Black "Rekuc, Patryk"]
[Result "0-1"]
[WhiteElo "1317"]
[BlackElo "1963"]
[PlyCount "69"]
[EventDate "2023.08.28"]
[EventType "swiss"]
[EventRounds "10"]
[EventCountry "POL"]
[SourceTitle "EXT 2024"]
[Source "ChessBase"]
[SourceDate "2023.10.10"]
[SourceVersion "1"]
[SourceVersionDate "2023.10.10"]
[SourceQuality "1"]

1. e4 c5 2. Nf3 Nc6 3. d4 cxd4 4. Nxd4 e5 5. Nb5 d6 6. N1c3 a6 7. Na3 Be6 8. Nd5 Nf6 9. Bg5 Bxd5 10. exd5 Nb8 11. c3 Nbd7 12. Nc2 Be7 13. Be2 0-0 14. 0-0 Rc8 15. Kh1 Nb6 16. Ne3 h6 17. Bxf6 Bxf6 18. f4 exf4 19. Rxf4 Bg5 20. Rf3 Re8 21. Nc2 Qe7 22. Bf1 Rc5 23. Qd4 Bf6 24. Qf2 Nxd5 25. c4 Nc7 26. b4 Re5 27. Rd1 Ne6 28. Nd4 Nxd4 29. Rxd4 Re1 30. Rdf4 Qe5 31. g3 Qa1 32. Kg2 Rb1 33. Bd3 Rb2 34. Qxb2 Qxb2+ 35. Kh3 0-1

[Event "POL-ch Rapid U18"]
[Site "Bydgoszcz"]
[Date "2023.08.30"]
[Round "10"]
[White "Komendecki, Antoni"]
[Black "Rekuc, Patryk"]
[Result "0-1"]
[WhiteElo "1801"]
[BlackElo "1960"]
[PlyCount "104"]
[EventDate "2023.08.28"]
[EventType "swiss"]
[EventRounds "11"]
[EventCountry "POL"]
[SourceTitle "EXT 2024"]
[Source "ChessBase"]
[SourceDate "2023.10.10"]
[SourceVersion "1"]
[SourceVersionDate "2023.10.10"]
[SourceQuality "1"]

1. e4 c5 2. Nf3 d6 3. g3 Nf6 4. d3 g6 5. Bg2 Bg7 6. 0-0 Nc6 7. Re1 0-0 8. Nbd2 Qc7 9. Nf1 b5 10. c3 Bb7 11. h4 e6 12. N1h2 d5 13. e5 Nd7 14. d4 Rae8 15. Bf4 Qb6 16. Bh3 Nd8 17. Qd2 cxd4 18. cxd4 f6 19. h5 fxe5 20. Nxe5 Nxe5 21. Bxe5 Bxe5 22. Rxe5 Nf7 23. Re2 e5 24. Rae1 e4 25. hxg6 Qxg6 26. Bd7 Re7 27. Bxb5 Ng5 28. Qe3 Ref7 29. Rf1 Qh5 30. g4 Qg6 31. Qg3 Nf3+ 32. Kg2 Nxd4 33. a4 Nxe2 34. Bxe2 Qf6 35. g5 Qf4 36. Ng4 Qxg3+ 37. Kxg3 Rg7 38. Kh4 d4 39. Bc4+ Kh8 40. f4 exf3 41. Rf2 Rf5 42. Nh6 Rfxg5 43. Nf7+ Rxf7 44. Kxg5 Rg7+ 45. Kf4 Rg2 46. Rf1 Rxb2 47. Rg1 Rg2 48. Rb1 Rg7 49. a5 a6 50. Ke5 f2 51. Kxd4 Rg4+ 52. Kc5 Rxc4+ 0-1

[Event "POL-ch Rapid U18"]
[Site "Bydgoszcz"]
[Date "2023.08.30"]
[Round "9"]
[White "Rekuc, Patryk"]
[Black "Kordowski, Lukasz"]
[Result "1-0"]
[WhiteElo "1960"]
[BlackElo "1263"]
[PlyCount "51"]
[EventDate "2023.08.28"]
[EventType "swiss"]
[EventRounds "11"]
[EventCountry "POL"]
[SourceTitle "EXT 2024"]
[Source "ChessBase"]
[SourceDate "2023.10.10"]
[SourceVersion "1"]
[SourceVersionDate "2023.10.10"]
[SourceQuality "1"]

1. d4 Nf6 2. c4 d5 3. Nf3 dxc4 4. e3 e6 5. Bxc4 Be7 6. 0-0 0-0 7. b3 Nbd7 8. Bb2 b6 9. Nbd2 Bb7 10. Rc1 c5 11. Qe2 a6 12. a4 cxd4 13. Nxd4 Nc5 14. Rfd1 Qc7 15. b4 Nxa4 16. Bb5 Qb8 17. Bxa4 Bxb4 18. Bc6 Bd6 19. h3 b5 20. Qf3 Nd5 21. Ne4 Be7 22. Bxb7 Qxb7 23. Qg3 g6 24. Qe5 b4 25. Qg7+ Kxg7 26. Nf5+ 1-0

[Event "POL-ch Rapid U18"]
[Site "Bydgoszcz"]
[Date "2023.08.29"]
[Round "6"]
[White "Rekuc, Patryk"]
[Black "Niesyt, Michal"]
[Result "1-0"]
[WhiteElo "1960"]
[BlackElo "1874"]
[PlyCount "119"]
[EventDate "2023.08.28"]
[EventType "swiss"]
[EventRounds "11"]
[EventCountry "POL"]
[SourceTitle "EXT 2024"]
[Source "ChessBase"]
[SourceDate "2023.10.10"]
[SourceVersion "1"]
[SourceVersionDate "2023.10.10"]
[SourceQuality "1"]

1. d4 d5 2. Nf3 Nf6 3. e3 e6 4. Bd3 Be7 5. 0-0 Nbd7 6. b3 b6 7. Bb2 Bb7 8. Nbd2 c5 9. c4 0-0 10. Qe2 Ne4 11. cxd5 exd5 12. Ba6 Qc8 13. Bxb7 Qxb7 14. Nxe4 dxe4 15. Nd2 Bf6 16. Rfd1 Rfe8 17. Nc4 Qa6 18. Qg4 Re6 19. d5 Re7 20. d6 Re6 21. Bxf6 Nxf6 22. Qf4 Rd8 23. a4 Qb7 24. Rd2 a6 25. Rad1 h6 26. Qf5 g6 27. Qf4 Kg7 28. h3 b5 29. Ne5 Nh5 30. Qh2 Nf6 31. g4 Nd7 32. Nxd7 Qxd7 33. axb5 axb5 34. Qf4 Qc6 35. d7 c4 36. Rd6 Rxd6 37. Rxd6 Qa8 38. Qe5+ Kg8 39. Qxb5 Qa1+ 40. Kg2 c3 41. Qc5 c2 42. Qxc2 Qe5 43. Qc7 Qg5 44. b4 h5 45. Rd5 Qf6 46. Qf4 Qe6 47. Qd6 hxg4 48. Qxe6 fxe6 49. Rd4 gxh3+ 50. Kxh3 Kf7 51. Kg4 e5 52. Rd2 Ke6 53. Kg5 Kf7 54. b5 Ke7 55. b6 Rb8 56. d8Q+ Rxd8 57. Rxd8 Kxd8 58. Kxg6 Kc8 59. Kf6 Kb7 60. Kxe5 1-0

[Event "Polanica Zdroj op 59th"]
[Site "Polanica Zdroj"]
[Date "2023.08.27"]
[Round "9"]
[White "Rekuc, Patryk"]
[Black "Lambrecht, Tomasz"]
[Result "1/2-1/2"]
[WhiteElo "1963"]
[BlackElo "2027"]
[PlyCount "64"]
[EventDate "2023.08.19"]
[EventType "swiss"]
[EventRounds "9"]
[EventCountry "POL"]
[SourceTitle "CBM 215 Extra"]
[Source "ChessBase"]
[SourceDate "2023.09.30"]
[SourceVersion "1"]
[SourceVersionDate "2023.09.30"]
[SourceQuality "1"]

1. e4 c6 2. Bd3 d5 3. Nc3 dxe4 4. Nxe4 Nf6 5. Nf3 Nxe4 6. Bxe4 Bg4 7. c3 Nd7 8. d4 e6 9. Qb3 Qb6 10. Qxb6 axb6 11. Bg5 Bd6 12. Nd2 Bh5 13. f3 Bg6 14. 0-0 Bc7 15. a3 0-0 16. Rae1 Rfe8 17. f4 b5 18. g4 Bxe4 19. Rxe4 f5 20. Re2 Nf6 21. Bxf6 gxf6 22. h3 Kf7 23. Kg2 h5 24. gxf5 exf5 25. Rxe8 Rxe8 26. Kf3 Rg8 27. Rd1 h4 28. Nf1 Bd6 29. Rd3 Ke6 30. Re3+ Kf7 31. Rd3 Ke6 32. Re3+ Kd5 1/2-1/2

[Event "Polanica Zdroj op 59th"]
[Site "Polanica Zdroj"]
[Date "2023.08.19"]
[Round "1"]
[White "Rekuc, Patryk"]
[Black "Golecki, Jan"]
[Result "1-0"]
[WhiteElo "1963"]
[BlackElo "2162"]
[PlyCount "88"]
[EventDate "2023.08.19"]
[EventType "swiss"]
[EventRounds "9"]
[EventCountry "POL"]
[SourceTitle "CBM 215 Extra"]
[Source "ChessBase"]
[SourceDate "2023.09.30"]
[SourceVersion "1"]
[SourceVersionDate "2023.09.30"]
[SourceQuality "1"]

1. d4 Nf6 2. c4 e6 3. Nf3 d5 4. e3 Be7 5. Bd3 0-0 6. b3 Ne4 7. 0-0 Nd7 8. Bb2 f5 9. Nc3 c6 10. Ne5 Nxe5 11. dxe5 b6 12. Rc1 Nxc3 13. Bxc3 dxc4 14. Bxc4 Qxd1 15. Rfxd1 Rd8 16. Rxd8+ Bxd8 17. Rd1 Be7 18. Be2 Rb8 19. h3 Rb7 20. a4 Rc7 21. Rd2 a6 22. g4 g6 23. Kg2 Kf7 24. gxf5 exf5 25. Kg3 Ra7 26. Bf3 Be6 27. e4 f4+ 28. Kxf4 b5 29. Bd1 Bxh3 30. Bg4 g5+ 31. Kf5 Bxg4+ 32. Kxg4 Ke6 33. f3 Rd7 34. Rh2 Rd3 35. Rh6+ Kd7 36. e6+ Kd6 37. Be1 Rxb3 38. Bg3+ Kc5 39. Rxh7 bxa4 40. Rxe7 a3 41. Be5 a2 42. Rd7 Rb8 43. e7 Re8 44. Kf5 Rd8 1-0

[Event "Warsaw Maciei Memorial"]
[Site "Warsaw"]
[Date "2023.07.10"]
[Round "2"]
[White "Rekuc, Patryk"]
[Black "Czerwinski, Bartlomiej"]
[Result "1-0"]
[WhiteElo "1900"]
[BlackElo "1547"]
[PlyCount "81"]
[EventDate "2023.07.10"]
[EventType "swiss (blitz)"]
[EventRounds "11"]
[EventCountry "POL"]
[SourceTitle "CBM 215 Extra"]
[Source "ChessBase"]
[SourceDate "2023.09.30"]
[SourceVersion "1"]
[SourceVersionDate "2023.09.30"]
[SourceQuality "1"]

1. Nf3 g6 2. b3 Bg7 3. d4 d5 4. Bb2 Nf6 5. e3 0-0 6. Be2 Nbd7 7. 0-0 c5 8. c4 b6 9. Nbd2 Bb7 10. Ne5 Nxe5 11. dxe5 Nd7 12. f4 Qc7 13. Nf3 dxc4 14. Bxc4 Rad8 15. Qe1 a6 16. a4 e6 17. Qh4 Qc6 18. Rf2 b5 19. Be2 h6 20. Qg3 Nb6 21. axb5 axb5 22. Rc1 Nd5 23. Nd4 Qb6 24. Nxb5 Ne7 25. Qh3 Nf5 26. g4 c4 27. gxf5 Qxb5 28. fxe6 fxe6 29. Bxc4 Qb6 30. Qxe6+ Qxe6 31. Bxe6+ Kh7 32. Bc4 Rc8 33. Bd4 Be4 34. Ra2 Rc7 35. Ra7 Rxa7 36. Bxa7 Ra8 37. Ra1 Bf8 38. Bd4 Rxa1+ 39. Bxa1 Kg7 40. e6+ Kg8 41. e7+ 1-0

[Event "EU-ch Blitz"]
[Site "Katowice"]
[Date "2022.12.16"]
[Round "20"]
[White "Garcia Martin, Marta"]
[Black "Rekuc, Patryk"]
[Result "0-1"]
[WhiteElo "2301"]
[BlackElo "1755"]
[PlyCount "88"]
[EventDate "2022.12.16"]
[EventType "swiss (blitz)"]
[EventRounds "22"]
[EventCountry "POL"]
[SourceTitle "CBM 211 Extra"]
[Source "ChessBase"]
[SourceDate "2023.01.31"]
[SourceVersion "1"]
[SourceVersionDate "2023.01.31"]
[SourceQuality "1"]

1. e4 c5 2. Nc3 d6 3. d4 cxd4 4. Qxd4 Nc6 5. Qd2 g6 6. b3 Bg7 7. Bb2 e5 8. Nb5 Bf8 9. Rd1 Nf6 10. f3 Nh5 11. Nxd6+ Bxd6 12. Qxd6 Qh4+ 13. g3 Nxg3 14. hxg3 Qxh1 15. Kf2 Be6 16. Bb5 Qh2+ 17. Kf1 Bh3+ 18. Nxh3 Qxh3+ 19. Kf2 Qe6 20. Bxc6+ bxc6 21. Qxe6+ fxe6 22. Bxe5 0-0 23. Rd6 Rfe8 24. Rxc6 Rac8 25. Rxc8 Rxc8 26. c4 Kf7 27. Ke3 Rd8 28. Bd4 a6 29. e5 Ke7 30. b4 Kd7 31. a4 Kc6 32. b5+ axb5 33. axb5+ Kb7 34. Ke4 h5 35. c5 Rd5 36. c6+ Kc7 37. b6+ Kxc6 38. f4 Rb5 39. Be3 Rb4+ 40. Kf3 Kd5 41. Ke2 Ke4 42. Bc5 Rb2+ 43. Kd1 Kf3 44. Kc1 Rb5 0-1

[Event "EU-ch Blitz"]
[Site "Katowice"]
[Date "2022.12.16"]
[Round "22"]
[White "Rekuc, Patryk"]
[Black "Kacprzak, Karol1111"]
[Result "1-0"]
[WhiteElo "1755"]
[BlackElo "2226"]
[PlyCount "104"]
[EventDate "2022.12.16"]
[EventType "swiss (blitz)"]
[EventRounds "22"]
[EventCountry "POL"]
[SourceTitle "CBM 211 Extra"]
[Source "ChessBase"]
[SourceDate "2023.01.31"]
[SourceVersion "1"]
[SourceVersionDate "2023.01.31"]
[SourceQuality "1"]

1. e4 c5 2. Nf3 d6 3. d4 cxd4 4. Nxd4 Nf6 5. Nc3 e6 6. g4 a6 7. Rg1 b5 8. Be3 Bb7 9. f3 Nfd7 10. Qd2 Nb6 11. 0-0-0 N8d7 12. Bd3 Rc8 13. a3 Ne5 14. f4 Nec4 15. Qf2 Nxe3 16. Qxe3 Be7 17. Nb3 Qc7 18. f5 h6 19. Kb1 0-0 20. Qf2 Qd8 21. Rh1 Bh4 22. Qg2 Bf6 23. Ne2 Na4 24. c3 Qe7 25. Bc2 Rfe8 26. Nbd4 Nc5 27. Ng3 d5 28. fxe6 fxe6 29. Rhe1 Qc7 30. exd5 Bxd5 31. Qf2 Rf8 32. Qe2 Rce8 33. Nh5 Bc4 34. Qg2 Bd5 35. Qg1 Bg5 36. Rf1 Qb7 37. Qg3 Be4 38. h4 Bxc2+ 39. Nxc2 Be7 40. Qe5 Bf6 41. Rxf6 gxf6 42. Nxf6+ Rxf6 43. Qxf6 Qg7 44. Qf2 Ne4 45. Qf4 Nf6 46. g5 Nd5 47. Qg3 Rf8 48. Nd4 Qg6+ 49. Ka1 a5 50. Re1 b4 51. Nxe6 Re8 52. Qd6 Ne7 1-0

[Event "Warsaw Szansa op"]
[Site "Warsaw"]
[Date "2022.09.18"]
[Round "9"]
[White "Janeczko, Jakub"]
[Black "Rekuc, Patryk"]
[Result "1-0"]
[WhiteElo "2159"]
[BlackElo "1777"]
[PlyCount "169"]
[EventDate "2022.09.17"]
[EventType "swiss (rapid)"]
[EventRounds "11"]
[EventCountry "POL"]
[SourceTitle "EXT 2023"]
[Source "ChessBase"]
[SourceDate "2022.10.05"]
[SourceVersion "1"]
[SourceVersionDate "2022.10.05"]
[SourceQuality "1"]

1. e4 c5 2. d3 d6 3. g3 g6 4. Bg2 Bg7 5. f4 Nc6 6. Nf3 e6 7. 0-0 Nge7 8. c3 0-0 9. Be3 b6 10. Na3 Bb7 11. Nc2 Rc8 12. Bf2 Qd7 13. Qe2 Rfd8 14. Rae1 b5 15. d4 cxd4 16. cxd4 Na5 17. b3 Qc6 18. Nb4 Qc3 19. Nd3 Qc2 20. Nd2 Rc3 21. Nb4 Qb2 22. Qxb5 Qxd2 23. Qxa5 Rcc8 24. Rd1 Qc3 25. Rd3 Qc7 26. Qxc7 Rxc7 27. Rd2 Rdc8 28. e5 Bxg2 29. Kxg2 d5 30. Na6 Rc2 31. Rfd1 Rxd2 32. Rxd2 Rc1 33. b4 Nc6 34. Kf3 Bf8 35. b5 Na5 36. a4 Rc4 37. Nc5 Rc3+ 38. Rd3 Rxd3+ 39. Nxd3 Nc4 40. Ke2 Be7 41. Kd1 Kf8 42. Kc2 Ke8 43. Be1 Kd7 44. Kb3 Kc7 45. Bb4 Bd8 46. Nb2 Ne3 47. Ba5+ Kc8 48. Bxd8 Kxd8 49. Kb4 Kc7 50. a5 h6 51. Na4 Nc4 52. Nc5 Kc8 53. Nb3 Kb7 54. Kc5 Kc7 55. a6 Nb2 56. b6+ axb6+ 57. Kb5 Nc4 58. Nc1 Na3+ 59. Ka4 Nc2 60. Nb3 Kc6 61. a7 Kb7 62. Kb5 Kxa7 63. Kc6 Ka6 64. Kd7 Kb5 65. Ke7 Kc4 66. Nc1 Nxd4 67. Kxf7 b5 68. Kxg6 b4 69. g4 Nf3 70. Kf6 b3 71. Nxb3 Kxb3 72. f5 d4 73. fxe6 d3 74. e7 d2 75. e8Q d1Q 76. Qb5+ Ka3 77. Qc5+ Kb2 78. Qb4+ Ka2 79. e6 Qa1+ 80. Kg6 Ne5+ 81. Kf5 Qg1 82. Qa5+ Kb3 83. Qxe5 Qf2+ 84. Kg6 Qh4 85. Qg3+ 1-0

[Event "Warsaw Maciei Memorial"]
[Site "Warsaw"]
[Date "2022.07.08"]
[Round "5"]
[White "Pedzich, Dominik"]
[Black "Rekuc, Patryk"]
[Result "0-1"]
[WhiteElo "2373"]
[BlackElo "1785"]
[PlyCount "72"]
[EventDate "2022.07.08"]
[EventType "swiss (blitz)"]
[EventRounds "11"]
[EventCountry "POL"]
[SourceTitle "CBM 209 Extra"]
[Source "ChessBase"]
[SourceDate "2022.09.30"]
[SourceVersion "1"]
[SourceVersionDate "2022.09.30"]
[SourceQuality "1"]

1. e4 c5 2. Nf3 d6 3. Bb5+ Nd7 4. d4 cxd4 5. Qxd4 Ngf6 6. Bg5 e5 7. Qd3 a6 8. Bxd7+ Bxd7 9. Nc3 Rc8 10. 0-0 h6 11. Bxf6 Qxf6 12. Nd2 Qg6 13. Nd5 Be7 14. c4 Be6 15. Rfe1 Bxd5 16. Qxd5 Rc7 17. Nf1 0-0 18. Ne3 Rfc8 19. b3 Qe6 20. Qd3 g6 21. a4 Bf8 22. a5 Bg7 23. Rad1 Rc6 24. Qb1 Qd7 25. Rd5 Rc5 26. Red1 Rxd5 27. Nxd5 Rc6 28. Ne3 Qd8 29. Rd5 Bf8 30. Qd3 Qc7 31. Qd2 b6 32. b4 Kh7 33. axb6 Qxb6 34. b5 axb5 35. Rxb5 Qd4 36. f3 Qxd2 0-1

[Event "Warsaw Maciei Memorial"]
[Site "Warsaw"]
[Date "2022.07.08"]
[Round "2"]
[White "Rekuc, Patryk"]
[Black "Mikrut, Dariusz"]
[Result "1/2-1/2"]
[WhiteElo "1785"]
[BlackElo "2327"]
[PlyCount "128"]
[EventDate "2022.07.08"]
[EventType "swiss (blitz)"]
[EventRounds "11"]
[EventCountry "POL"]
[SourceTitle "CBM 209 Extra"]
[Source "ChessBase"]
[SourceDate "2022.09.30"]
[SourceVersion "1"]
[SourceVersionDate "2022.09.30"]
[SourceQuality "1"]

1. e4 g6 2. d4 Bg7 3. Nc3 d6 4. f4 a6 5. Nf3 b5 6. Bd3 Bb7 7. 0-0 Nd7 8. a3 c5 9. dxc5 Nxc5 10. Qe2 Nf6 11. Bd2 0-0 12. Rae1 Nfd7 13. h4 Nf6 14. Nh2 Nh5 15. Qf2 Nxd3 16. cxd3 Nf6 17. g4 h5 18. gxh5 Nxh5 19. Ng4 f5 20. exf5 gxf5 21. Nh2 Qd7 22. Nf3 Nf6 23. Qg3 Ng4 24. Nh2 e5 25. h5 Qc6 26. Nxg4 fxg4 27. Ne4 Qd7 28. fxe5 Bxe5 29. Qh4 Kh8 30. Bg5 Kh7 31. Bf6 Bxe4 32. Rxe4 Qa7+ 33. Kg2 Qc7 34. Bxe5 dxe5 35. Rf2 Rxf2+ 36. Qxf2 Qd7 37. Qf6 Rg8 38. Qxe5 Rg7 39. d4 g3 40. d5 Qc8 41. Re2 Qg4 42. Qe4+ Kh6 43. Qxg4 Rxg4 44. d6 Rd4 45. Re6+ Kxh5 46. Kxg3 Kg5 47. d7 a5 48. Rb6 Rd3+ 49. Kf2 Kf4 50. Rxb5 Rxd7 51. Rxa5 Rd2+ 52. Ke1 Rxb2 53. Ra8 Ke3 54. Re8+ Kd3 55. Rd8+ Kc3 56. Rc8+ Kb3 57. Kd1 Kxa3 58. Kc1 Rb5 59. Kc2 Kb4 60. Rc3 Rh5 61. Rb3+ Kc4 62. Rg3 Rh2+ 63. Kd1 Ra2 64. Kc1 Rh2 1/2-1/2

[Event "Poronin Tatra Limba op"]
[Site "Poronin"]
[Date "2022.01.10"]
[Round "7"]
[White "Radzimski, Antoni"]
[Black "Rekuc, Patryk"]
[Result "0-1"]
[WhiteElo "1727"]
[BlackElo "1662"]
[PlyCount "76"]
[EventDate "2022.01.06"]
[EventType "swiss"]
[EventRounds "9"]
[EventCountry "POL"]
[SourceTitle "CBM 206 Extra"]
[Source "ChessBase"]
[SourceDate "2022.03.31"]
[SourceVersion "1"]
[SourceVersionDate "2022.03.31"]
[SourceQuality "1"]

1. e4 c5 2. Nf3 Nc6 3. d4 cxd4 4. Nxd4 e5 5. Nb5 d6 6. c4 Be6 7. N1c3 a6 8. Na3 Nf6 9. Be2 Be7 10. 0-0 0-0 11. Nc2 Rc8 12. b3 b5 13. cxb5 Na7 14. Bb2 Nxb5 15. Bxb5 axb5 16. Qd3 Qb6 17. Ne3 Qb7 18. Rad1 Ra8 19. Ra1 Rfc8 20. Ncd5 Nxd5 21. exd5 Bd7 22. f4 Re8 23. f5 f6 24. h4 Bd8 25. h5 Bb6 26. Kh1 Bxe3 27. Qxe3 h6 28. Qe4 Rec8 29. a3 Be8 30. Rf3 Bxh5 31. Rh3 Bf7 32. Rd1 Rc5 33. Rg3 Bxd5 34. Qh4 Rc2 35. Qxf6 Rxg2 36. Rxd5 Rxg3 37. Qe6+ Qf7 38. Rxd6 Re8 0-1

[Event "Poronin Tatra Limba op"]
[Site "Poronin"]
[Date "2022.01.08"]
[Round "4"]
[White "Rekuc, Patryk"]
[Black "Smietanska, Wiktoria"]
[Result "0-1"]
[WhiteElo "1662"]
[BlackElo "1855"]
[PlyCount "152"]
[EventDate "2022.01.06"]
[EventType "swiss"]
[EventRounds "9"]
[EventCountry "POL"]
[SourceTitle "CBM 206 Extra"]
[Source "ChessBase"]
[SourceDate "2022.03.31"]
[SourceVersion "1"]
[SourceVersionDate "2022.03.31"]
[SourceQuality "1"]

1. e4 c5 2. Nf3 d6 3. Bb5+ Nd7 4. Ba4 a6 5. c4 e6 6. 0-0 Ngf6 7. Nc3 Be7 8. d4 cxd4 9. Qxd4 0-0 10. Rd1 Qc7 11. Bxd7 Bxd7 12. Bf4 Bc6 13. Bxd6 Bxd6 14. Qxd6 Qxd6 15. Rxd6 Bxe4 16. Rad1 Bxf3 17. gxf3 Rac8 18. Rb6 Rc7 19. b3 Rfc8 20. Ne4 Kf8 21. Kf1 Ke7 22. Nxf6 Kxf6 23. Ke2 Ke7 24. Ke3 Rd8 25. Rxd8 Kxd8 26. c5 Kc8 27. Kd4 Rd7+ 28. Ke3 Kc7 29. Rb4 Rd5 30. Rc4 Rh5 31. h4 Kc6 32. Rg4 g6 33. Rf4 Re5+ 34. Kd4 Rd5+ 35. Ke3 f5 36. b4 e5 37. Rc4 Kb5 38. Rc2 Rd4 39. a3 Rxh4 40. Rd2 a5 41. Rd5 e4 42. f4 axb4 43. axb4 Rh3+ 44. Ke2 Kxb4 45. Rd7 Kxc5 46. Rxb7 Kd6 47. Rb5 Ke6 48. Ra5 Kf6 49. Ra7 h5 50. Ra6+ Kg7 51. Ra7+ Kh6 52. Ra1 Rf3 53. Rg1 Rxf4 54. Rg3 h4 55. Rh3 Kh5 56. Kf1 g5 57. Ra3 Kg4 58. Kg2 h3+ 59. Kg1 h2+ 60. Kh1 Rf3 61. Ra2 Rb3 62. Ra1 Kf3 63. Kxh2 Kxf2 64. Ra2+ Kf3 65. Rg2 Kf4 66. Rf2+ Ke5 67. Kg2 f4 68. Rc2 Kf5 69. Rf2 g4 70. Kg1 g3 71. Rc2 Kg4 72. Rc1 e3 73. Rf1 e2 74. Re1 Rd3 75. Kh1 Rd1 76. Kg2 f3+ 0-1

[Event "POL-ch U12"]
[Site "Uniejow"]
[Date "2021.07.22"]
[Round "5"]
[White "Rekuc, Patryk"]
[Black "Komendecki, Antoni"]
[Result "1-0"]
[WhiteElo "1560"]
[BlackElo "1862"]
[PlyCount "59"]
[EventDate "2021.07.18"]
[EventType "swiss"]
[EventRounds "9"]
[EventCountry "POL"]
[SourceTitle "EXT 2022"]
[Source "ChessBase"]
[SourceDate "2021.10.06"]
[SourceVersion "1"]
[SourceVersionDate "2021.10.06"]
[SourceQuality "1"]

1. e4 c5 2. Nf3 g6 3. d4 cxd4 4. Nxd4 Nc6 5. Be3 Bg7 6. Nxc6 bxc6 7. c3 d6 8. Nd2 Nf6 9. Be2 Qc7 10. Qc2 e5 11. 0-0 0-0 12. Rad1 Bb7 13. Bg5 d5 14. Kh1 h6 15. Bh4 Kh8 16. Bg3 dxe4 17. Nxe4 Nxe4 18. Qxe4 f5 19. Qc2 c5 20. f3 Qe7 21. Qa4 Rfd8 22. Bf2 a6 23. Qa5 Rxd1 24. Rxd1 c4 25. Bxc4 e4 26. fxe4 Qxe4 27. Rd8+ Kh7 28. Bg8+ Kh8 29. Bd5+ Rxd8 30. Qxd8+ 1-0

[Event "POL-ch U12"]
[Site "Uniejow"]
[Date "2021.07.22"]
[Round "6"]
[White "Zielonka, Adam"]
[Black "Rekuc, Patryk"]
[Result "1-0"]
[WhiteElo "1806"]
[BlackElo "1560"]
[PlyCount "49"]
[EventDate "2021.07.18"]
[EventType "swiss"]
[EventRounds "9"]
[EventCountry "POL"]
[SourceTitle "EXT 2022"]
[Source "ChessBase"]
[SourceDate "2021.10.06"]
[SourceVersion "1"]
[SourceVersionDate "2021.10.06"]
[SourceQuality "1"]

1. c4 Nf6 2. Nc3 e6 3. Nf3 d5 4. e3 Be7 5. b3 b6 6. Bb2 Bb7 7. Be2 c5 8. cxd5 exd5 9. d4 0-0 10. 0-0 Nc6 11. Rc1 Rc8 12. dxc5 bxc5 13. Na4 Ne4 14. Nd2 Nxd2 15. Qxd2 Nb8 16. Rfd1 Qd7 17. Nxc5 Rxc5 18. Rxc5 Bxc5 19. Qc3 f6 20. Qxc5 a6 21. Bf3 Rc8 22. Qd4 Kf7 23. Bg4 Qc7 24. Bxc8 Qxc8 25. Ba3 1-0